000 00381nam a2200169Ia 4500
001 8570
003 GE_BSU
008 181216s||||||||xx |||||||||||||| ||und||
040 _cGE_BSU
245 4 _aThe Economist, December 14th-20th. 2013
245 _b№ 8866. Volume 409
260 _aParis
260 _c2013
300 _a102pg;27sm.
653 _aThe Economist
942 _cCR
999 _c41886
_d41886